Chế tạo vàng nano bằng phương pháp chiếu xạ /
Saved in:
| Main Author: | |
|---|---|
| Other Authors: | , , , , , , |
| Format: | Article |
| Language: | Vietnamese |
| Tags: |
Add Tag
No Tags, Be the first to tag this record!
|
| Institutions: | Thư viện Trường Đại học Đà Lạt |
|---|
| LEADER | 00937nam a2200313 4500 | ||
|---|---|---|---|
| 001 | DLU150169042 | ||
| 005 | ##20150421 | ||
| 040 | # | # | |a DLU |b vie |
| 041 | # | # | |a vie |
| 044 | # | # | |a vn |
| 100 | # | # | |a Nguyễn Quốc Hiến. |
| 245 | # | # | |a Chế tạo vàng nano bằng phương pháp chiếu xạ / |c Nguyễn Quốc Hiến, ...[và những người khác]. |
| 700 | # | # | |a Đặng Văn Phú. |
| 700 | # | # | |a Bùi Duy Cam. |
| 700 | # | # | |a Bùi Duy Du. |
| 700 | # | # | |a Nguyễn Thị Kim Lan. |
| 700 | # | # | |a Nguyễn Thị Phương Phong. |
| 700 | # | # | |a Nguyễn Tuệ Anh. |
| 700 | # | # | |a Nguyễn Xuân Dung. |
| 773 | # | # | |t Hóa học |g Số 2, 2009, tr. 174-179 |
| 920 | # | # | |a Phòng Tạp chí -- Trung tâm Thông tin - Thư viện Trường Đại học Đà Lạt |
| 994 | # | # | |a DLU |
| 900 | # | # | |a True |
| 911 | # | # | |a Hoàng Thị Huyền |
| 925 | # | # | |a G |
| 926 | # | # | |a A |
| 927 | # | # | |a BB |
| 980 | # | # | |a Thư viện Trường Đại học Đà Lạt |